The Drewry annual container market review and forecasting 2004/05
Αποθηκεύτηκε σε:
| Συγγραφή απο Οργανισμό/Αρχή: | |
|---|---|
| Άλλοι συγγραφείς: | |
| Μορφή: | Βιβλίο |
| Γλώσσα: | English |
| Δημοσίευση: |
London :
Drewry Shipping Consultants,
c2004
|
| Θέματα: | |
| Ετικέτες: |
Προσθήκη ετικέτας
Δεν υπάρχουν, Καταχωρήστε ετικέτα πρώτοι!
|
MARC
| LEADER | 00000nam a2200000 i 4500 | ||
|---|---|---|---|
| 001 | 1/75607 | ||
| 008 | 080222s2004 eng d | ||
| 035 | |l 10094961 | ||
| 040 | |a GR-MY-UA |b gre |e aacr | ||
| 041 | 0 | |a eng | |
| 082 | 0 | |a 387.51 |2 (22) | |
| 110 | 2 | |a Drewry Shipping Consultants. | |
| 245 | 1 | 4 | |a The Drewry annual container market review and forecasting 2004/05 / |c Drewry Shipping Consultants ; editor John Fossey ; container market analyst Eva-Maria Busch ; contributors Mark Page, Paul Gardiner |
| 260 | |a London : |b Drewry Shipping Consultants, |c c2004 | ||
| 300 | |a vi, 253 σ.; |c 30 εκ. | ||
| 500 | |a Incorporating the Drewry container market quarterly - September 2004 | ||
| 650 | 0 | 0 | |a Shipping |x Finance. |
| 650 | 0 | 0 | |a Container ships. |
| 650 | 0 | 0 | |a Shipping |x Forecasting. |
| 700 | 1 | |a Fossey, John. |4 edt | |
| 700 | 1 | |a Busch, Eva-Maria. |4 oth | |
| 700 | 1 | |a Page, Mark. |4 oth | |
| 852 | |a INST |b CHIOS |e 20080222 |h 387.51 DRE |p 005200027755 |q 005200027755 |t BK |y 600 | ||
| 901 | |a BIBL2-2008-1 | ||
| 909 | |a Χ |b 145547 | ||
| 922 | |a 2ΕΛΗ |b 200801 |c ΕΠΕΑΕΚ2/ΤΝΕΥ |d ΕΛΕΥΘΕΡΟΥΔΑΚΗΣ | ||
| 970 | |a ΒΑΣΙΛΑΚΗ |b ΝΙΚΗ |z 2008/02/22 | ||